00626nam a2200205Ia 4500003000400000005001700004008004100021040000700062041001200069082001900081245003600100260004200136365000800178650002600186650002800212906003900240942001200279999001900291952011000310OSt20250927161529.0210423s9999 xx 000 0 und d cAL aEnglish a305.235 bVYKI aIndian journal of youth affairs aNew DelhibVishwa Yuvaka Kendrac2010 cINR aSocial Groups9120008 aSocial Sciences9120009 aaffairs ; Indian ; journal ; youth 2ddccBK c175762d175762 001040708MSWaSACPGbSACPGd2010-11-10l0o305.235 VYKIpPG022462r2022-08-24 00:00:00w2021-04-26yBK